000 00600nam a22002057a 4500
003 OSt
005 20250710030658.0
008 250710b |||||||| |||| 00| 0 eng d
020 _a9789710615018
040 _aDWCL - Main lib
_cOC
082 _aFil. 332.6 B188i 2013
100 _aBallada, Win
245 _aInvestment mathematics :
_bmade easy/
_cWin Ballada
250 _a4th edition.
260 _aManila :
_b DomDane Publishers,
_cc2013.
300 _ax, various pagings ;
_c26 cm.
650 _a1.Investments.
700 _aSusan Ballada
942 _2ddc
_cBK - FIL
_e 4th edition.
_kFil.
_n0
999 _c3567
_d3567